<?xml version="1.0" encoding="UTF-8"?>
<record
    xmlns:xsi="http://www.w3.org/2001/XMLSchema-instance"
    xsi:schemaLocation="http://www.loc.gov/MARC21/slim http://www.loc.gov/standards/marcxml/schema/MARC21slim.xsd"
    xmlns="http://www.loc.gov/MARC21/slim">

  <leader>00487nam a22001457a 4500</leader>
  <controlfield tag="005">20161207114552.0</controlfield>
  <controlfield tag="008">161203b        xxu||||| |||| 00| 0 eng d</controlfield>
  <datafield tag="040" ind1=" " ind2=" ">
    <subfield code="c">PK-LaUMT</subfield>
  </datafield>
  <datafield tag="082" ind1=" " ind2=" ">
    <subfield code="a">MMC 923.2</subfield>
    <subfield code="b">SAR-G</subfield>
  </datafield>
  <datafield tag="100" ind1=" " ind2=" ">
    <subfield code="a">Sardar Shaukat Hayat Khan &#x633;&#x631;&#x62F;&#x627;&#x631; &#x634;&#x648;&#x6A9;&#x62A; &#x62D;&#x6CC;&#x627;&#x62A; &#x62E;&#x627;&#x646;</subfield>
  </datafield>
  <datafield tag="245" ind1=" " ind2=" ">
    <subfield code="a">Gum gashtah qaum  &#x6AF;&#x645; &#x6AF;&#x634;&#x62A;&#x6C1; &#x642;&#x648;&#x645;  / </subfield>
    <subfield code="c">Sardar Shaukat Hayat Khan  &#x633;&#x631;&#x62F;&#x627;&#x631; &#x634;&#x648;&#x6A9;&#x62A; &#x62D;&#x6CC;&#x627;&#x62A; &#x62E;&#x627;&#x646;</subfield>
  </datafield>
  <datafield tag="260" ind1=" " ind2=" ">
    <subfield code="a">Lahore :</subfield>
    <subfield code="b">Jang Publishers,</subfield>
    <subfield code="c">1995</subfield>
  </datafield>
  <datafield tag="300" ind1=" " ind2=" ">
    <subfield code="a">461 p.</subfield>
  </datafield>
  <datafield tag="942" ind1=" " ind2=" ">
    <subfield code="c">BK</subfield>
  </datafield>
  <datafield tag="999" ind1=" " ind2=" ">
    <subfield code="c">89049</subfield>
    <subfield code="d">89049</subfield>
  </datafield>
  <datafield tag="952" ind1=" " ind2=" ">
    <subfield code="0">0</subfield>
    <subfield code="1">0</subfield>
    <subfield code="4">0</subfield>
    <subfield code="7">0</subfield>
    <subfield code="a">01</subfield>
    <subfield code="b">01</subfield>
    <subfield code="d">2016-12-03</subfield>
    <subfield code="l">0</subfield>
    <subfield code="o">MMC 923.2 SAR-G</subfield>
    <subfield code="p">102863</subfield>
    <subfield code="r">2016-12-03 00:00:00</subfield>
    <subfield code="w">2016-12-03</subfield>
    <subfield code="y">BK</subfield>
  </datafield>
</record>
